| 000 | 01176nam a2200313 a 4500 | ||
|---|---|---|---|
| 001 | 000003205 | ||
| 003 | DO-SdBNP | ||
| 005 | 20240308073617.0 | ||
| 007 | ta | ||
| 008 | 090707s2009 dr 001 0aspa d | ||
| 020 | _a9789945443387 | ||
| 040 |
_aDO-SdBNP _bspa _cBNPHU |
||
| 082 |
_a305.8687293 _bD325d _222 |
||
| 100 | 1 |
_aDeive, Carlos Esteban, _d1935-2019 _91916 |
|
| 245 | 1 | 0 |
_aLos dominicanos vistos por extranjeros (1730 - 1929) / _cCarlos Esteban Deive. |
| 260 |
_aSanto Domingo : _bBanco Central de la República Dominicana, _c2009. |
||
| 300 |
_a368 p. ; _c23 cm. |
||
| 490 |
_aBanco Central de la República Dominicana ; _v111 |
||
| 490 |
_aCiencias sociales ; No. _v 20 |
||
| 500 | _aIncluye índice onomástico. | ||
| 504 | _aIncluye referencias bibliográficas y notas al pie de las páginas. | ||
| 504 | _aBibliografía : p. 347-350. | ||
| 590 | _aInventariado, 2018/BT | ||
| 651 | 4 |
_aRepública Dominicana _xCaracterísticas nacionales _91720 |
|
| 651 | 4 |
_aRepública Dominicana _xVida social y costumbres _9405 |
|
| 651 | 4 |
_aRepública Dominicana _xHistoria _y1730-1929 _910126 |
|
| 910 | _aValidado. Control de calidad. MMOLINA | ||
| 942 |
_2ddc _cLBS1 |
||
| 999 |
_c3036 _d3036 |
||